| 000 | 00784nas a22002297a 4500 | ||
|---|---|---|---|
| 005 | 20140121111325.0 | ||
| 006 | a|||||r|||| 00| 0 | ||
| 007 | ta | ||
| 008 | 140121b xxu||||| |||| 00| 0 eng d | ||
| 022 | _a0971-9393 Print | ||
| 022 | _a0975-4180 (online) | ||
| 245 | _aJournal of mycology and plant pathology | ||
| 260 |
_aUdaipur _bIndian Society of Mycology and Plant Pathology _c2013- |
||
| 300 |
_av. _c26 cm (Pbk) |
||
| 310 | _aQuarterly | ||
| 650 | _aMycology | ||
| 650 | _aPlant pathology | ||
| 700 | _aThakur, R.P. , ed. | ||
| 856 | _uwww.connectjournals.com/jmpp | ||
| 270 |
_aMaharana Pratap University of Agriculture and Technology, Rajasthan College of Agriculture, Post Box 154, Department of Pathology _bUdaipur _e313001 _zismpp.org.in |
||
| 942 |
_2ddc _cSR _s1 |
||
| 999 |
_c82018 _d82018 |
||